[Event "ACD 2012"]
[Site "http://www.queenalice.com/game.php?id=1026293"]
[Date "2012.2.4"]
[Round "-"]
[White "xiao"]
[Black "tomatito"]
[Result "1-0"]
[WhiteElo "1939"]
[BlackElo "1812"]

1. e4 e5 2. Nc3 Bc5 3. Nf3 d6 4. h3 Nc6 5. a3 Nf6 6. Bd3 Bd4 7. Nd5 Nxd5 8. exd5
Ne7 9. c3 Bc5 10. b4 Bb6 11. c4 a5 12. Qa4+ Bd7 13. b5 O-O 14. Qc2 f5 15. Be2 e4
16. Nh2 c6 17. a4 Bd4 18. Bb2 Bxb2 19. Qxb2 cxd5 20. O-O dxc4 21. Bxc4+ d5 22.
Bb3 Rf6 23. Rae1 Rc8 24. Re3 Rf8 25. Rfe1 Re8 26. d3 Kh8 27. Rg3 Rg8 28. dxe4
fxe4 29. Rg5 Nf5 30. Rh5 Rc5 31. g4 Ne7 32. Rxe4 Be8 33. Rhe5 Ng6 34. Rf5 Nh4
35. Rfe5 dxe4 36. Rxc5 Rf8 37. Re5 Qf6 38. Qd4 Qf3 39. Qxe4 Qxf2+ 40. Kh1 Bf7
41. Bxf7 Rxf7 42. Re8+ Rf8 43. Rxf8+ Qxf8 44. Qxb7 Qd8 45. Nf1 h6 46. b6 Qf6 47.
Qa8+ Kh7 48. Qe4+ Ng6 49. Kg2 Qxb6 50. h4 Qb2+ 51. Kh3 Qf2 52. Ng3 Qf6 53. h5
1-0

[Event "ACD 2012"]
[Site "http://www.queenalice.com/game.php?id=1027163"]
[Date "2012.2.7"]
[Round "-"]
[White "din4"]
[Black "xiao"]
[Result "0-1"]
[WhiteElo "1318"]
[BlackElo "1938"]

1. e4 e5 2. d4 exd4 3. Qxd4 Nc6 4. Qc3 Bb4 5. Bd2 Bxc3 6. Bxc3 f6 7. Bb5 a6 8.
Bxc6 dxc6 9. Nd2 Ne7 10. O-O-O O-O 11. e5 Nd5 12. Ngf3 Nxc3 13. bxc3 fxe5 14.
Nxe5 Qd5 15. Ndf3 Qxa2 16. Kd2 Bf5 17. Rc1 Rad8+ 18. Nd4 c5 19. Ra1 Qxc2+ 20.
Ke3 cxd4+ 21. Kf4 Qe4+ 22. Kg3 Qxe5+ 23. Kh4 Qf4+ 24. g4 Qxg4# 0-1

[Event "Challenge"]
[Site "http://www.queenalice.com/game.php?id=1029825"]
[Date "2012.2.15"]
[Round "-"]
[White "preggo"]
[Black "xiao"]
[Result "1-0"]
[WhiteElo "1761"]
[BlackElo "1962"]

1. e4 e5 2. Bc4 Bc5 3. Qh5 Qf6 4. Nf3 d6 5. Nc3 Bd7 6. Nd5 Qd8 7. Nxc7+ Qxc7 8.
Qxf7+ Kd8 9. Qxg7 Bxf2+ 10. Kxf2 Qxc4 11. d3 Qe6 12. Qxh8 Qf7 13. Rf1 Nc6 14.
Kg1 Kc7 15. Nxe5 Qe6 16. Nxc6 bxc6 17. Qxh7 Nf6 18. Qh6 Ng4 19. Qxe6 Bxe6 20. d4
Rh8 21. h3 Nh6 22. Rf6 Kd7 23. Rxh6 1-0

[Event "beguin the beguin."]
[Site "http://www.queenalice.com/game.php?id=1032667"]
[Date "2012.2.24"]
[Round "-"]
[White "xiao"]
[Black "franliro"]
[Result "1-0"]
[WhiteElo "1910"]
[BlackElo "2048"]

1. e4 c5 2. Nc3 Nc6 3. Nf3 d6 4. h3 Nf6 5. Bc4 e6 6. O-O Be7 7. d4 cxd4 8. Nxd4
a6 9. Nxc6 bxc6 10. Qf3 Bb7 11. Be2 c5 12. Qg3 Kd7 13. e5 dxe5 14. Rd1+ Bd6 15.
Qxe5 Ke7 16. Qe3 Rb8 17. Na4 Qc7 18. Nc3 Bc8 19. Nd5+ Nxd5 20. Rxd5 Rd8 21. Rd3
Kf8 22. Qe4 Kg8 23. b3 Bb7 24. Qg4 f5 25. Qg5 Be7 26. Qd2 Be4 27. Rxd8+ Rxd8 28.
Qe3 Qe5 29. Rb1 Qd6 30. Rb2 Bf6 31. c3 Qb6 32. b4 Be7 33. a4 Qc6 34. f3 Bd5 35.
c4 cxb4 36. cxd5 Qxd5 37. Qf4 a5 38. Be3 g5 39. Qc7 Rd7 40. Qc1 Qe5 41. f4 gxf4
42. Bxf4 Bc5+ 43. Kh2 Qc3 44. Rc2 1-0

[Event "to be, o not to be..."]
[Site "http://www.queenalice.com/game.php?id=1050100"]
[Date "2012.4.18"]
[Round "-"]
[White "franliro"]
[Black "xiao"]
[Result "0-1"]
[WhiteElo "2026"]
[BlackElo "1923"]

1. e4 e5 2. Nf3 Nc6 3. Bb5 a6 4. Ba4 b5 5. Bb3 Be7 6. O-O Nf6 7. d3 O-O 8. a4 b4
9. a5 Bb7 10. Nbd2 d6 11. Nc4 Nd4 12. Nxd4 exd4 13. Bf4 d5 14. exd5 Nxd5 15. Bd2
Re8 16. Re1 Nf6 17. Ne5 Bd5 18. Ba4 Rf8 19. Qe2 Bd6 20. Nc6 Bxc6 21. Bxc6 Rb8
22. Bg5 Bxh2+ 23. Kh1 Qd6 24. Ba4 Nd5 25. Qf3 Bf4 26. Bxf4 Nxf4 27. Re4 Ne6 28.
Rae1 Ng5 29. Qg4 Nxe4 30. Rxe4 f5 0-1

[Event "AUTO-OPEN-2663"]
[Site "http://www.queenalice.com/game.php?id=1050315"]
[Date "2012.4.19"]
[Round "1"]
[White "xiao"]
[Black "MestreAylton"]
[Result "0-1"]
[WhiteElo "1932"]
[BlackElo "2101"]

1. e4 c5 2. Nc3 Nc6 3. Nge2 Nf6 4. d3 d5 5. Ng3 d4 6. Nce2 e5 7. h3 h6 8. Nf4
exf4 9. Bxf4 Be7 10. Be2 O-O 11. O-O Be6 12. e5 Nd5 13. Qd2 Nxf4 14. Qxf4 Bg5
15. Qf3 Bd5 16. Qg4 Nxe5 17. Qf5 Re8 18. h4 Bxh4 19. Qf4 Bg5 0-1

[Event "AUTO-OPEN-2663"]
[Site "http://www.queenalice.com/game.php?id=1050316"]
[Date "2012.4.19"]
[Round "1"]
[White "MestreAylton"]
[Black "xiao"]
[Result "0-1"]
[WhiteElo "2042"]
[BlackElo "1935"]

1. d4 Nf6 2. Nf3 g6 3. c4 Bg7 4. Nc3 d6 5. e3 O-O 6. Be2 c6 7. O-O Bd7 8. a3 e6
9. b4 Re8 10. Bb2 b6 11. h3 e5 12. dxe5 dxe5 13. Rc1 Qc7 14. Qb3 e4 15. Nd4 c5
16. Ndb5 Qc6 17. Na2 Be6 18. Nbc3 a6 19. Rfd1 b5 20. bxc5 Qxc5 21. Qb4 Qg5 22.
cxb5 Bxh3 23. Bf1 Bg4 24. Re1 a5 25. Qb3 Be6 26. Bc4 Ng4 27. Bxe6 Rxe6 28. g3
Qh5 29. Nd1 Nd7 30. Bxg7 Kxg7 31. Qb2+ Rf6 32. Rc6 Qh2+ 33. Kf1 Qh1+ 34. Ke2
Qf3+ 35. Kf1 Nde5 36. Rxf6 Qxf6 37. Re2 Qf3 38. Kg1 Kh6 39. Nc1 Qf5 40. Qc2 Nf3+
41. Kg2 Rc8 42. Nc3 Rxc3 43. Qxc3 Qh5 44. Rb2 Qh2+ 45. Kf1 Qg1+ 46. Ke2 Qxf2+
47. Kd1 Nxe3+ 48. Qxe3+ Qxe3 49. b6 Qd4+ 50. Kc2 Ne5 51. b7 Qc4+ 52. Kb1 Nc6 53.
Rc2 Qa6 54. Rb2 Nb8 55. Ne2 Kg5 56. Ka2 f5 57. a4 h5 58. Ka3 Kg4 59. Ka2 h4 60.
gxh4 Kxh4 61. Rb5 g5 62. Kb2 f4 63. Kc2 f3 64. Nd4 Kg3 65. Rxg5+ Kf2 66. Rb5 e3
0-1

[Event "AUTO-OPEN-2663"]
[Site "http://www.queenalice.com/game.php?id=1050317"]
[Date "2012.4.19"]
[Round "1"]
[White "xiao"]
[Black "lupengui"]
[Result "0-1"]
[WhiteElo "1943"]
[BlackElo "2759"]

1. e4 c5 2. Nc3 Nc6 3. Nf3 g6 4. Bc4 Nf6 5. O-O Bg7 6. e5 Ng4 7. Bxf7+ Kxf7 8.
Ng5+ Kg8 9. Qxg4 Nxe5 10. Qe4 Nc6 11. d3 e6 12. Ne2 d5 13. Qf3 Qe7 14. c3 h6 15.
Nh3 Kh7 16. Nhf4 Qf7 17. Bd2 Rf8 18. d4 cxd4 19. Qd3 e5 20. Nh3 e4 21. Qg3 d3
22. Nef4 Ne5 23. Qh4 Bf6 24. Qg3 g5 25. Rfe1 gxf4 26. Bxf4 Nf3+ 27. gxf3 Rg8 0-1

[Event "AUTO-OPEN-2663"]
[Site "http://www.queenalice.com/game.php?id=1050318"]
[Date "2012.4.19"]
[Round "1"]
[White "lupengui"]
[Black "xiao"]
[Result "1-0"]
[WhiteElo "2761"]
[BlackElo "1941"]

1. e4 e5 2. Nf3 Nc6 3. Bb5 a6 4. Ba4 Be7 5. O-O b5 6. Bb3 Nf6 7. Nc3 O-O 8. d3
Bb7 9. Nd5 Na5 10. Nxe7+ Qxe7 11. Nh4 Nxb3 12. Nf5 Qe6 13. axb3 d5 14. f3 Rad8
15. Qe1 c5 16. Qh4 c4 17. Bh6 g6 18. bxc4 dxe4 19. fxe4 Rfe8 20. Bg5 Qb6+ 21.
Kh1 Re6 22. Nh6+ Kg7 23. c5 Qc6 24. Bxf6+ Rxf6 25. Ng4 g5 26. Qxg5+ Rg6 27. Qxd8
Rxg4 28. Qe7 Rf4 29. Qxe5+ Rf6 30. Qg5+ 1-0

[Event "AUTO-OPEN-2663"]
[Site "http://www.queenalice.com/game.php?id=1050319"]
[Date "2012.4.19"]
[Round "1"]
[White "xiao"]
[Black "Navi"]
[Result "0-1"]
[WhiteElo "1944"]
[BlackElo "2131"]

1. e4 e5 2. Nf3 d6 3. h3 Nf6 4. Nc3 Nc6 5. Bc4 a6 6. Ng5 Be6 7. Bxe6 fxe6 8. O-O
Qd7 9. d3 h6 10. Nf3 Nd4 11. Nxd4 exd4 12. Ne2 e5 13. c3 dxc3 14. Nxc3 Be7 15.
Nd5 Nxd5 16. Qh5+ Kd8 17. exd5 Bf6 18. Be3 Qb5 19. b3 Qxd5 20. Qg6 Kd7 21. Rac1
Raf8 22. Qg4+ Kd8 23. Bb6 h5 24. Bxc7+ Ke7 25. Qb4 Ke6 26. Bb6 Rf7 27. g4 Bg5
28. gxh5 Rf4 29. Rc4 Qxd3 30. Re1 Rxc4 31. bxc4 Bd2 32. Rd1 Bxb4 33. Rxd3 Rxh5
34. Rg3 g5 35. Kg2 Bc5 36. Bd8 Rh4 37. Bxg5 Rxc4 38. a3 Ra4 39. h4 Bd4 40. h5 e4
41. h6 Rc4 42. h7 Rc7 43. Rh3 Rg7 44. f4 exf3+ 0-1

[Event "AUTO-OPEN-2663"]
[Site "http://www.queenalice.com/game.php?id=1050320"]
[Date "2012.4.19"]
[Round "1"]
[White "Navi"]
[Black "xiao"]
[Result "1-0"]
[WhiteElo "2137"]
[BlackElo "1936"]

1. e4 e5 2. Nf3 Nc6 3. Nc3 Nf6 4. d3 h6 5. Be2 d6 6. h3 Be7 7. Be3 O-O 8. O-O d5
9. exd5 Nxd5 10. Nxd5 Qxd5 11. c4 Qe6 12. a3 Qg6 13. Kh2 Bd6 14. Kh1 Ne7 15. Qc2
Nf5 16. Bd2 Nd4 17. Nxd4 exd4 18. b4 Re8 19. Rae1 b6 20. Bf3 Rxe1 21. Rxe1 Rb8
22. Re8+ Kh7 23. c5 bxc5 24. bxc5 f5 25. Rxc8 Rxc8 26. cxd6 1-0

[Event "Aquesta partida en català!"]
[Site "http://www.queenalice.com/game.php?id=1062748"]
[Date "2012.5.22"]
[Round "-"]
[White "franliro"]
[Black "xiao"]
[Result "1-0"]
[WhiteElo "1990"]
[BlackElo "1950"]

1. e4 e5 2. Nf3 Nc6 3. Bc4 Bc5 4. Nc3 d6 5. O-O h6 6. a3 Nf6 7. b4 Bd4 8. Bb2
Nxe4 9. Nxd4 exd4 10. Nxe4 d5 11. Bxd5 Qxd5 12. Qf3 Ne5 13. Nf6+ 1-0

[Event "AUTO-ADV-2537"]
[Site "http://www.queenalice.com/game.php?id=1073153"]
[Date "2012.6.17"]
[Round "1"]
[White "APSHOOTER"]
[Black "xiao"]
[Result "0-1"]
[WhiteElo "1596"]
[BlackElo "1942"]

1. e4 e5 2. Nf3 Nc6 3. Nc3 Nf6 4. a3 Be7 5. h3 O-O 6. d4 exd4 7. Nxd4 Ne5 8. Bd3
c6 9. Bf4 Nxd3+ 10. Qxd3 c5 11. Nf5 Re8 12. O-O b6 13. Nxe7+ Rxe7 14. Rae1 Bb7
15. e5 Qe8 16. exf6 Rxe1 17. Rxe1 Qxe1+ 18. Kh2 Qxf2 19. Qg3 Qxg3+ 20. Bxg3 gxf6
21. Ne2 Re8 22. Nf4 d5 23. Nh5 Re6 24. Nf4 Re4 25. Nh5 Re2 26. Nxf6+ Kh8 0-1

[Event "AUTO-ADV-2537"]
[Site "http://www.queenalice.com/game.php?id=1073154"]
[Date "2012.6.17"]
[Round "1"]
[White "xiao"]
[Black "APSHOOTER"]
[Result "1-0"]
[WhiteElo "1944"]
[BlackElo "1594"]

1. e4 d5 2. exd5 Qxd5 3. Nc3 Qe5+ 4. Nge2 Bg4 5. d4 Bxe2 6. Nxe2 Qe4 7. Be3 Nc6
8. Nc3 Qg6 9. Nd5 O-O-O 10. Nf4 Qf5 11. g3 e5 12. Bh3 Qxh3 13. Nxh3 Nxd4 14.
Qg4+ f5 15. Qd1 Bb4+ 16. c3 f4 17. gxf4 exf4 18. Bxd4 Bc5 19. Qg4+ Kb8 20. Bxc5
Nf6 21. Qxf4 Rhe8+ 22. Kf1 b6 23. Bd4 Nd5 24. Qf7 c5 25. Bxg7 Re7 26. Qf3 Rxg7
27. Rg1 Rxg1+ 28. Nxg1 1-0

[Event "AUTO-ADV-2537"]
[Site "http://www.queenalice.com/game.php?id=1073165"]
[Date "2012.6.17"]
[Round "1"]
[White "robertson"]
[Black "xiao"]
[Result "0-1"]
[WhiteElo "1673"]
[BlackElo "1944"]

1. e4 e5 2. Nf3 Nc6 3. Bc4 Bc5 4. d3 Nf6 5. h3 a6 6. a3 d6 7. Nc3 b5 8. Ba2 h6
9. Nd5 Nd4 10. Nxd4 Nxd5 11. Bxd5 Rb8 12. Nc6 Qf6 13. Qf3 Qxf3 14. gxf3 Rb6 15.
Bd2 Bd7 16. Na5 c6 17. Ba2 Rb8 18. Rg1 Rg8 19. O-O-O Bxf2 20. Rh1 c5 21. Rdf1
Bh4 22. Nb3 c4 23. dxc4 bxc4 24. Na1 Bb5 25. c3 Rd8 26. Nc2 a5 27. f4 g6 28.
fxe5 dxe5 29. Bxh6 g5 30. Rf6 Rg6 31. Rxg6 fxg6 32. Bg7 Bg3 33. Bf6 Bf4+ 34. Kb1
Rd2 35. b3 cxb3 36. Bxb3 a4 37. Bd5 Kf8 38. Bd8 Bd3 39. Rc1 Rh2 40. Rg1 Rxc2 41.
Ba5 Rg2+ 42. Ka1 Rxg1+ 43. Kb2 Rg3 44. Bc6 Rxh3 45. Bxa4 g4 46. Bb4+ Kg7 47. Bc6
g3 48. Bc5 g2 49. a4 Be3 50. Bd6 Kf6 51. Bd7 g1=Q 52. Bxh3 Qb1+ 0-1

[Event "AUTO-ADV-2537"]
[Site "http://www.queenalice.com/game.php?id=1073166"]
[Date "2012.6.17"]
[Round "1"]
[White "xiao"]
[Black "robertson"]
[Result "1-0"]
[WhiteElo "1955"]
[BlackElo "1667"]

1. e4 e5 2. Nf3 Qf6 3. Nc3 c6 4. d3 h6 5. Be2 Bc5 6. O-O d6 7. a3 Be6 8. Na4 Nd7
9. c3 b5 10. Nxc5 Nxc5 11. b4 Nb3 12. Rb1 Nxc1 13. Qxc1 Ne7 14. c4 a6 15. Rd1
O-O 16. cxb5 axb5 17. d4 Rfc8 18. dxe5 dxe5 19. Rd3 Ra7 20. Nd2 Qg6 21. Rg3 Qh7
22. Qc5 Rcc7 23. Qxe5 g5 24. f4 Ng6 25. Qf6 Nxf4 26. Qxf4 Rd7 27. Qe3 Rab7 28.
Rd1 Re7 29. Nf3 f6 30. Nd4 Bd7 31. Bd3 Qf7 32. Rc1 Qa2 33. Bc2 Kf8 34. Qc3 Rxe4
35. Bxe4 Kf7 36. Nxc6 Kg7 37. Rf3 Bxc6 38. Qxf6+ 1-0

[Event "AUTO-ADV-2537"]
[Site "http://www.queenalice.com/game.php?id=1073173"]
[Date "2012.6.17"]
[Round "1"]
[White "xiao"]
[Black "thw"]
[Result "1-0"]
[WhiteElo "1928"]
[BlackElo "1886"]

1. e4 e6 2. d4 d5 3. e5 c5 4. c3 Nc6 5. Nf3 Qb6 6. Be2 cxd4 7. cxd4 Bb4+ 8. Nc3
Nge7 9. O-O Nf5 10. Na4 Qc7 11. a3 Be7 12. Bb5 Bd7 13. Bg5 Bxg5 14. Nxg5 Nfxd4
15. Bxc6 Nxc6 16. f4 O-O 17. Qc2 g6 18. Rf3 Rac8 19. Rh3 Nd4 20. Qxc7 Rxc7 21.
Nc3 Nf5 22. Nxh7 Rfc8 23. Nf6+ 1-0

[Event "AUTO-ADV-2537"]
[Site "http://www.queenalice.com/game.php?id=1073174"]
[Date "2012.6.17"]
[Round "1"]
[White "thw"]
[Black "xiao"]
[Result "1/2-1/2"]
[WhiteElo "1897"]
[BlackElo "1946"]

1. e4 e5 2. Nf3 Nc6 3. Bb5 a6 4. Bxc6 dxc6 5. h3 Bd6 6. O-O Nf6 7. Re1 O-O 8.
Nc3 h6 9. d4 Qe7 10. dxe5 Bxe5 11. Nxe5 Qxe5 12. Be3 b5 13. a3 Bb7 14. Bd4 Qg5
15. Be3 Qg6 16. f3 Rfe8 17. Ne2 Nh5 18. Nf4 Nxf4 19. Bxf4 Rad8 20. Qe2 Rd7 21.
Rad1 Rde7 22. Qf2 Re6 23. Bxc7 Rf6 24. Rd8 Rxd8 25. Bxd8 Rd6 26. Bc7 Re6 27. Rd1
f5 28. e5 Re7 29. Qb6 Bc8 30. Qb8 Qe6 31. Rd8+ Re8 32. Rxe8+ Qxe8 33. f4 Kh7 34.
Qb6 Qd7 35. Bd6 Qb7 36. Qxb7 Bxb7 37. e6 Kg8 38. Kf2 Bc8 39. e7 Bd7 40. Ke3 Kf7
41. Kd4 Ke6 42. Bc5 g6 43. h4 h5 44. g3 a5 45. b3 Be8 46. Bb6 Kxe7 47. Bxa5 Ke6
48. c4 Ke7 49. cxb5 cxb5 50. Kc5 Ke6 51. Bc3 Bd7 52. Be5 Be8 1/2-1/2

[Event "catalá al atac"]
[Site "http://www.queenalice.com/game.php?id=1073241"]
[Date "2012.6.17"]
[Round "-"]
[White "franliro"]
[Black "xiao"]
[Result "1-0"]
[WhiteElo "1985"]
[BlackElo "1959"]

1. e4 e5 2. Nf3 Nc6 3. Bb5 a6 4. Ba4 b5 5. Bb3 d6 6. d3 Be7 7. O-O Nd4 8. Nxd4
exd4 9. Qf3 Be6 10. Bxe6 fxe6 11. Qg4 g6 12. Qxe6 Nf6 13. Bg5 Rf8 14. Bxf6 Rxf6
15. Qg8+ Bf8 16. Qxh7 Rc8 17. Nd2 c6 18. Qa7 c5 19. Qxa6 b4 20. Qa4+ Ke7 21. Nc4
d5 22. exd5 Qxd5 23. Nb6 Rxb6 24. Qa7+ Rb7 25. Qa6 Kf7 26. a4 b3 27. cxb3 Rxb3
28. Qxc8 Rxd3 29. a5 Bd6 30. a6 Qe5 31. g3 Be7 32. a7 1-0